<?xml version="1.0" encoding="UTF-8"?>
<record
    xmlns:xsi="http://www.w3.org/2001/XMLSchema-instance"
    xsi:schemaLocation="http://www.loc.gov/MARC21/slim http://www.loc.gov/standards/marcxml/schema/MARC21slim.xsd"
    xmlns="http://www.loc.gov/MARC21/slim">

  <leader>00811nam a22001937a 4500</leader>
  <controlfield tag="005">20151127020913.0</controlfield>
  <controlfield tag="008">151127b        ck ||||br|||| 00| 0 spa d</controlfield>
  <datafield tag="040" ind1=" " ind2=" ">
    <subfield code="a">CO-BoIAVH </subfield>
    <subfield code="c">CO-BoIAVH </subfield>
  </datafield>
  <datafield tag="041" ind1="0" ind2=" ">
    <subfield code="a">spa</subfield>
  </datafield>
  <datafield tag="044" ind1=" " ind2=" ">
    <subfield code="a">ck</subfield>
  </datafield>
  <datafield tag="090" ind1=" " ind2=" ">
    <subfield code="a">EA-</subfield>
    <subfield code="b">322</subfield>
  </datafield>
  <datafield tag="245" ind1="1" ind2="0">
    <subfield code="a">Estrategia pedag&#xF3;gica en educaci&#xF3;n ambiental desde la cosmovisi&#xF3;n de los pueblos afrocolombianos, municipio de Dibulla, La Guajira:</subfield>
    <subfield code="b">Las historias del viejo Lucho</subfield>
  </datafield>
  <datafield tag="260" ind1="3" ind2=" ">
    <subfield code="a">Colombia?:</subfield>
    <subfield code="b">Corpoguajira,</subfield>
    <subfield code="b">Fundaci&#xF3;n Guajira,</subfield>
    <subfield code="c">2015?.</subfield>
  </datafield>
  <datafield tag="300" ind1=" " ind2=" ">
    <subfield code="a">23 p&#xE1;ginas :</subfield>
    <subfield code="b">ilustraciones, fotograf&#xED;as y tablas a color ;</subfield>
    <subfield code="c">28 x 22 cm.</subfield>
  </datafield>
  <datafield tag="650" ind1=" " ind2="6">
    <subfield code="a">Educaci&#xF3;n ambiental</subfield>
    <subfield code="z">Guajira (Departamento, Colombia)</subfield>
  </datafield>
  <datafield tag="650" ind1=" " ind2="6">
    <subfield code="a">Biodiversidad</subfield>
    <subfield code="x">Conservaci&#xF3;n</subfield>
    <subfield code="z">Guajira (Departamento, Colombia)</subfield>
  </datafield>
  <datafield tag="710" ind1="2" ind2=" ">
    <subfield code="a">Corpoguajira</subfield>
  </datafield>
  <datafield tag="942" ind1=" " ind2=" ">
    <subfield code="2">z</subfield>
    <subfield code="c">Folleto</subfield>
  </datafield>
  <datafield tag="999" ind1=" " ind2=" ">
    <subfield code="c">17879</subfield>
    <subfield code="d">17879</subfield>
  </datafield>
  <datafield tag="952" ind1=" " ind2=" ">
    <subfield code="0">0</subfield>
    <subfield code="1">0</subfield>
    <subfield code="2">z</subfield>
    <subfield code="4">0</subfield>
    <subfield code="7">2</subfield>
    <subfield code="8">EDUAMBIENT</subfield>
    <subfield code="I">INV2017</subfield>
    <subfield code="a">Venado</subfield>
    <subfield code="b">Venado</subfield>
    <subfield code="d">2015-11-27</subfield>
    <subfield code="l">0</subfield>
    <subfield code="o">EA-322</subfield>
    <subfield code="p">039489</subfield>
    <subfield code="r">2015-11-27 00:00:00</subfield>
    <subfield code="t">Ej. 1</subfield>
    <subfield code="w">2015-11-27</subfield>
    <subfield code="x">Donaci&#xF3;n</subfield>
    <subfield code="y">Folleto</subfield>
  </datafield>
</record>
